000 00862nam a2200277Ia 4500
003 OSt
005 20220925232753.0
006 a|||||r|||| 00| 0
007 ta
008 220923b |||||||| |||| 00| 0 eng d
020 _a0521374693
037 _cGeneral Book
040 _aRTL
_cRTL
_beng
041 _2eng
_aeng
082 _aY492.654.N4, N3
100 _aLovejoy Paul E
_9128626
245 0 _aSlow death for slavery
_b The couse of abolition in Northen Nigeria, 1897-1936
260 _aNew York
_bCambridge University Press
_c1993
300 _axvii, 391p^aBibliography: P 368-79
_ccm.
490 _aAfrican Studies Series; 76
650 _a Sociology
650 _aSlave
_9297720
700 _a Hogendorn Jan S
942 _hY492.654.N4, N3
_cGB
_2CC
999 _c592116
_d592116